000 00256nam a2200097Ia 4500
008 231107s2003 xx 000 0 und d
041 _aeng
100 _aSouthan M.
245 _aBeginner,s Guide to Silk Painting
260 _aGreat Britan
_bSearch Press
_c2003
999 _c925848
_d925848